Central Library OPAC University of Rajshahi

Freedom and necessity : (Record no. 42591)

MARC details
000 -LEADER
fixed length control field 00734nam a2200253 a 4500
001 - CONTROL NUMBER
control field 42591
003 - CONTROL NUMBER IDENTIFIER
rucl marc code BD-RjUL
005 - DATE AND TIME OF LATEST TRANSACTION
control field 20211209053549.0
008 - FIXED-LENGTH DATA ELEMENTS--GENERAL INFORMATION
fixed length control field 160614s1970 enk b 001 0 eng
020 ## - INTERNATIONAL STANDARD BOOK NUMBER
International Standard Book Number 043301525 (cloth)
International Standard Book Number 033301533 (paper)
035 ## - SYSTEM CONTROL NUMBER
System control number (BD-RjUL)42709
040 ## - CATALOGING SOURCE
Original cataloging agency DLC
Transcribing agency DLC
Modifying agency m.c
-- BD-RjUL
Language of cataloging eng
041 ## - LANGUAGE CODE
Language code of text/sound track or separate title eng
082 ## - DEWEY DECIMAL CLASSIFICATION NUMBER
Edition number 23
Classification number 330.09
Author mark and year ROF 1970
100 1# - MAIN ENTRY--PERSONAL NAME
Personal name Robinson, Joan
9 (RLIN) 130900
245 10 - TITLE STATEMENT
Title Freedom and necessity :
Remainder of title an introduction to the study of society /
Statement of responsibility, etc. Joan Robinson.
260 ## - PUBLICATION, DISTRIBUTION, ETC. (IMPRINT)
Place of publication, distribution, etc. London :
Name of publisher, distributor, etc. G. Allen & Unwin,
Date of publication, distribution, etc. 1970.
300 ## - PHYSICAL DESCRIPTION
Pagination 128 p. ;
Size 19 cm.
500 ## - GENERAL NOTE
General note Includes Index
650 #0 - SUBJECT ADDED ENTRY--TOPICAL TERM
Topical term or geographic name as entry element Economic history.
9 (RLIN) 130941
Topical term or geographic name as entry element Social history.
9 (RLIN) 130942
942 ## - ADDED ENTRY ELEMENTS (KOHA)
Source of classification or shelving scheme Dewey Decimal Classification
Koha item type Books
Holdings
Lost status Source of classification or shelving scheme Damaged status Not for loan Collection code Permanent Location Current Location Shelving location Date acquired Source of acquisition Cost, normal purchase price Total Checkouts Full call number Date last seen Copy number Koha item type
  Dewey Decimal Classification     Non-fiction Central Library, University of Rajshahi Central Library, University of Rajshahi   26/07/1972 Book centre 13.20   330.09 ROF 1970 14/06/2016 C-2 Books